000 00686nam a2200289Ia 4500
005 20260324131415.0
008 008 260324s9999 xx 000 0 eng d
020 _a9780203799338
037 _aEBOOK
040 _aCRL
040 _beng
040 _cCRL
041 _2eng
041 _aeng
084 _qCRL
100 _aLouis Albrechts; Seymour Mandelbaum
_91185403
245 4 _aThe Network Society
245 2 _bA New Context for Planning
260 _bTaylor and Francis
260 _c2006
365 _a
365 _b205
856 _uhttp://www.taylorfrancis.com/books/9780203799338
942 _cEBOOK
999 _c1782510
_d1782510